Financial accounting theory and analysis : text readings and cases

Αποθηκεύτηκε σε:
Λεπτομέρειες βιβλιογραφικής εγγραφής
Κύριος συγγραφέας: Schroeder, Richard G.
Άλλοι συγγραφείς: Clark, Myrtle, Cathey, Jack M.
Μορφή: Βιβλίο
Γλώσσα:English
Δημοσίευση: New York ; Chichester : Wiley, c2005
Έκδοση:8th ed.
Θέματα:
Ετικέτες: Προσθήκη ετικέτας
Δεν υπάρχουν, Καταχωρήστε ετικέτα πρώτοι!

MARC

LEADER 00000nam a2200000 i 4500
001 1/62494
008 071112s2005 eng d
020 |a 978-0-471-65243-4 
020 |a 0-471-65243-1 
035 |l 10092205 
040 |a GR-MY-UA  |b gre  |e aacr 
041 0 |a eng 
082 0 |a 657  |2 (22) 
100 1 |a Schroeder, Richard G. 
245 1 0 |a Financial accounting theory and analysis :  |b text readings and cases /  |c Richard G. Schroeder, Myrtle W. Clark, Jack M. Cathey 
250 |a 8th ed. 
260 |a New York ; Chichester :   |b Wiley,   |c c2005 
300 |a x, 598 σ.;  |c 24 εκ. 
504 |a Περιλαμβάνει βιβλιογραφικές παραπομπές και ευρετήριο. 
650 0 0 |a Accounting. 
650 0 0 |a Accounting  |x Problems, exercises, etc. 
700 1 |a Clark, Myrtle. 
700 1 |a Cathey, Jack M. 
852 |a INST  |b SAMOS  |e 20071112  |h 657 SCH  |p 005300027854  |q 005300027854  |t BK  |y 0 
901 |a BIBL3-2007-3 
909 |a Σ  |b 140004 
922 |a 3ΕΛΗ  |b 200710  |c ΕΠΕΑΕΚ2/ΤΜΠΕΣ  |d ΠΑΠΑΣΩΤΗΡΙΟΥ 
970 |a ΣΙΤΖΙΜΗ  |b ΓΙΑΣΕΜΗ  |z 2007/11/12